It looks like you're offline.
Open Library logo
additional options menu

MARC record from Internet Archive

LEADER: 01089cam a22003254a 4500
001 2003273800
003 DLC
005 20090616115448.0
008 031104s2003 caua 000 0 eng d
010 $a 2003273800
015 $aGBA3-Z4479
020 $a0596004885
035 $a(OCoLC)ocm51438187
040 $aUKM$cUKM$dCUS$dDLC
042 $alccopycat
050 00 $aQA76.76.V27$bL66 2003
082 00 $a005.2/762$222
100 1 $aLomax, Paul.
245 10 $aVBScript in a nutshell /$cby Paul Lomax, Matt Childs and Ron Petrusha.
246 30 $aVBScript
250 $a2nd ed.
260 $aSebastopol, CA :$aFarnham :$bO'Reilly,$c2003.
300 $axvii, 491 p. :$bill. ;$c23 cm.
500 $aPrevious ed.: 2000.
650 0 $aVBScript (Computer program language)
650 0 $aInternet programming.
700 1 $aChilds, Matt.
700 1 $aPetrusha, Ronald,$d1951-
856 42 $3Publisher description$uhttp://www.loc.gov/catdir/enhancements/fy0715/2003273800-d.html
856 42 $3Contributor biographical information$uhttp://www.loc.gov/catdir/enhancements/fy0912/2003273800-b.html